1355 1750 1733 1683 1830 1146 1384 1844 1401 1892 1888 1158 1415 1257 1411 1611 1563 1232 1049 1239 1990 1032 1189 1706 1212 1839 1736 1657 1567 1728 1974 1743 1699 1832 1891 1627 1456 1253 1536 1236 1556 1848 1071 1444 1419 1615 1509 1929 1334 1956 1831 1104 1241 1932 1317 1525 1242 1166 1878 1953 1781 1689 1926 1498 1378 1484 1036 1495 1947 1054 1594 1136 1953 1151 1912 1126 1670 1983 1433 1856 1935 1019 1928 1248 1942 1136 1884 1372 1575 1666 1626 1179 1608 1892 1643 1853 1086 1548 1387 BCNSPRNW ULIB Ver.6.0+V

เปลี่ยนเป็นภาษาไทย

Change to English
 แสดงรายละเอียดบรรณานุกรม
  กลับหน้าหลัก

Brief Record : Get Marc (ISO 2709) : E-mail record : QR code < ปิดหน้าต่าง
LEADER : 00000nam 2200000uu 4500
001    13399111815
003     ULIB
008    110708s2549||||th 000 0 tha d
020    9744842083
050  4 DS578.32.C48^bศ161ส 2549
100 0  ศรัณย์ ทองปาน
245 10 เสด็จเตี่ย "เกิดมาทั้งที มันก็ดีอยู่แต่เมื่อเป็น" /^cศรัณย์ ทองปาน
260    กรุงเทพฯ :^bสารคดดี,^c2549
300    152 หน้า :^bภาพประกอบ (ภาพสีบางภาพ) ;^c19 ซม.
600 07 ชุมพรเขตรอุดมศักดิ์,^cพระเจ้าบรมวงศ์เธอ กรมหลวง,^d2423-2466
650  7 ทหารเรือ^xชีวประวัติ
945    ^p190^l0^i025141
995    ทศพร
999 ^a ใช้งานได้ทุกระบบ
รายการนี้ยังไม่มีแท็ก
คุณยังไม่ได้ล็อกอิน คุณสามารถมีกิจกรรมร่วมกับเว็บไซต์ได้ แต่ต้องล็อกอินก่อน ::
  ล็อกอิน

รายการสื่อสารสนเทศ

ลำดับที่ ประเภท เลขเรียก/บาร์โค้ด สถานที่ สถานะ
- ไม่พบข้อมูล -

BibComment


ยังไม่เคยถูกคอมเมนท์

คอมเมนท์ทรัพยากรรายการนี้
  คอมเมนท์: เสด็จเตี่ย เกิดมา..


 Copyright 2026. Bcnsprnw @Library